Biggest City in each US State - Statistics

General Stats
  • This quiz has been taken 22 times
  • The average score is 41 of 47
Answer Stats
Hint Answer % Correct
Georgia Atlanta
100%
Massachusetts Boston
100%
Illinois Chicago
100%
Colorado Denver
100%
Hawaii Honolulu
100%
Texas Houston
100%
Mississippi Jackson
100%
Missouri Kansas City
100%
Tennessee Nashville
100%
Louisiana New Orleans
100%
New York New York
100%
Arizona Phoenix
100%
Utah Salt Lake City
100%
Maryland Baltimore
95%
South Carolina Charleston
95%
West Virginia Charleston
95%
Michigan Detroit
95%
Indiana Indianapolis
95%
Nevada Las Vegas
95%
California Los Angeles
95%
Wisconsin Milwaukee
95%
Minnesota Minneapolis
95%
Oklahoma Oklahoma City
95%
Pennsylvania Philadelphia
95%
Oregon Portland
95%
Maine Portland
95%
Washington Seattle
95%
North Carolina Charlotte
90%
Ohio Columbus
90%
Iowa Des Moines
90%
Florida Jacksonville
90%
Rhode Island Providence
90%
Idaho Boise
85%
Wyoming Cheyenne
85%
Arkansas Little Rock
85%
Alaska Anchorage
80%
New Mexico Albuquerque
75%
New Jersey Newark
70%
Virginia Virginia Beach
70%
Montana Billings
65%
Delaware Wilmington
65%
North Dakota Fargo
60%
Vermont Burlington
55%
South Dakota Sioux Falls
55%
New Hampshire Manchester
50%
Alabama Huntsville
45%
Connecticut Bridgeport
35%
No matching quizzes found
Score Distribution
Percent of People with Each Score
Percentile by Number Answered
Your Score History
You have not taken this quiz